[Event "Bor"]
[Site "Bor"]
[Date "1983.??.??"]
[Round "8"]
[White "Skembris, Spyridon"]
[Black "Arnason, Jon L"]
[Result "0-1"]
[WhiteElo "2415"]
[BlackElo "2460"]

1.d4 Nf6 2.c4 e6 3.Nc3 Bb4 4.Qc2 O-O 5.Nf3 c5 6.dxc5 Na6 7.a3 Bxc3+ 8.Qxc3 Nxc5
9.Bg5 Nce4 10.Bxf6 Nxf6 11.e3 b6 12.Be2 Ba6 13.Rd1 Qc7 14.Qd2 Rac8 15.O-O Rfd8
16.Rfe1 Qc5 17.b4 Qe7 18.Rc1 Rc7 19.Qb2 Rdc8 20.Nd2 d5 21.b5 Bb7 22.Bf3 e5
23.cxd5 Bxd5 24.Rxc7 Qxc7 25.Bxd5 Nxd5 26.Nf3 Qc3 27.Qa2 Rc5 28.Rd1 Qd3 29.Qa1 Qe2
30.Re1 Qxb5 31.Qxe5 Nc7 32.Qd6 Qc6 33.Qd8+ Qe8 34.Rd1 h6 35.h4 Qxd8 36.Rxd8+ Kh7
37.Rc8 Ne6 38.Rxc5 Nxc5 39.Ne5 f6 40.Nc6 a5 41.h5 Kg8 42.f3 Kf7 43.e4 Ke6
44.g3 Kd6 45.Nd4 Ne6 46.Nb3 a4 47.Nd2 Ke5 48.Kf2 Kd4 49.Ke2 Kc3 50.Ke3 b5
51.f4 Kc2 52.Nf3 b4 53.f5 Nc7 54.Nd4+ Kc3 55.Ne2+ Kb2  0-1

[Event "Bundesliga 8283"]
[Site "Germany"]
[Date "1983.??.??"]
[Round "?"]
[White "Duhr, Stefan"]
[Black "Hess, Christian"]
[Result "1/2-1/2"]
[WhiteElo "2320"]
[BlackElo "2235"]

1.d4 Nf6 2.c4 e6 3.Nc3 Bb4 4.Qc2 O-O 5.a3 Bxc3+ 6.Qxc3 d6 7.Bg5 Nbd7 8.e3 b6
9.Be2 Bb7 10.Bf3 Qc8 11.Qd3 Re8 12.Ne2 Bxf3 13.gxf3 Qb7 14.e4 c5 15.Bxf6 Nxf6
16.O-O cxd4 17.Qxd4 Red8 18.Rfd1 Qc7 19.Nc3 a6 20.a4 Rac8 21.Ra3 h6 22.Rb3 Rb8
23.Rd2  1/2-1/2

[Event "Bundesliga 8283"]
[Site "Germany"]
[Date "1983.??.??"]
[Round "?"]
[White "Meyer, Holger"]
[Black "Dankert, Peter"]
[Result "0-1"]
[WhiteElo "2340"]
[BlackElo "2330"]

1.d4 Nf6 2.c4 e6 3.Nc3 Bb4 4.Qc2 O-O 5.a3 Bxc3+ 6.Qxc3 d6 7.e3 Nbd7 8.Nf3 b6
9.Bd3 Bb7 10.O-O Ne4 11.Qc2 f5 12.d5 Ndc5 13.b4 Nxd3 14.Qxd3 Qf6 15.Ra2 exd5
16.cxd5 Qf7 17.Rd1 a5 18.b5 Rae8 19.Qc4 Re7 20.Rc2 Rfe8 21.h4 h6 22.Rd4 Nf6
23.Bb2 Bxd5 24.Qe2 Be4 25.Rc1 Rf8 26.Rd2 Qh5 27.Nd4 Qg6 28.f3 Bb7 29.Nc6 Bxc6
30.Rxc6 Nh5 31.Rdc2 Rff7 32.Qd2 Ng3 33.R6c4 f4 34.Rxf4 Ne2+ 35.Qxe2 Rxf4
36.Qf2 Rff7 37.Bd4 Qh5 38.Rb2 Re4 39.g4 Qg6 40.Qg2 Rxd4 41.exd4 Qd3 42.Rf2 Qxd4
43.g5 Qxh4 44.g6 Rf6 45.f4 Qh5 46.f5 Qd1+ 47.Kh2  0-1

[Event "EU-ch U20"]
[Site "Groningen"]
[Date "1983.??.??"]
[Round "8"]
[White "Arlandi, Ennio"]
[Black "Agdestein, Simen"]
[Result "1-0"]
[WhiteElo "2300"]
[BlackElo "2380"]

1.d4 Nf6 2.c4 e6 3.Nc3 Bb4 4.Qc2 O-O 5.a3 Bxc3+ 6.Qxc3 b6 7.Nf3 Bb7 8.e3 Qe7
9.b4 a5 10.b5 d6 11.Bb2 Nbd7 12.Be2 Ne4 13.Qc2 f5 14.O-O Ndf6 15.Ne1 Ng4
16.Bf3 Rf6 17.Bxg4 fxg4 18.d5 exd5 19.Bxf6 Qxf6 20.Rd1 Qe5 21.cxd5 Nc3 22.Rd4 Nxb5
23.Rxg4 Bxd5 24.a4 Nc3 25.Nd3 Qe6 26.h3 h5 27.Rg5 Qf6 28.Rxd5 Nxd5 29.Qc6  1-0

[Event "Toth mem"]
[Site "Kecskemet"]
[Date "1983.??.??"]
[Round "?"]
[White "Karolyi, Tibor Jr"]
[Black "Horvath, Tamas"]
[Result "1/2-1/2"]
[WhiteElo "2425"]
[BlackElo "2450"]

1.d4 Nf6 2.c4 e6 3.Nc3 Bb4 4.Qc2 O-O 5.Nf3 b6 6.a3 Bxc3+ 7.Qxc3 a5 8.Bg5 Bb7
9.e3 a4 10.Be2 Ra5 11.Bh4 d6 12.O-O Nbd7 13.Nd2 c5 14.Rfd1 Qa8 15.f3  1/2-1/2

[Event "Lloyds Bank op"]
[Site "London"]
[Date "1983.??.??"]
[Round "?"]
[White "Forintos, Gyozo V"]
[Black "Dizdar, Goran"]
[Result "0-1"]
[WhiteElo "2450"]
[BlackElo "2455"]

1.d4 Nf6 2.c4 e6 3.Nc3 Bb4 4.Qc2 O-O 5.a3 Bxc3+ 6.Qxc3 b5 7.cxb5 c6 8.bxc6 Nxc6
9.Bg5 Bb7 10.Nf3 Rc8 11.Qd3 Qb6 12.Bxf6 gxf6 13.e3 Qxb2 14.Rb1 Qa2 15.Nd2 Na5
16.Qb5 Qxa3 17.Bd3 a6 18.Bxh7+ Kg7 19.Qh5 Rh8 20.O-O Rxh7 21.Qg4+ Kf8 22.Qf4 Rg7
23.Ne4 Bxe4 24.Qxe4 Qd6 25.Ra1 Nc4 26.Qd3 Ne5 27.Qe2 Rc2 28.Qh5 Qc6 29.f3 Nxf3+
30.Kh1 Rgxg2 31.Rxf3 Rxh2+  0-1

[Event "Rome"]
[Site "Rome"]
[Date "1983.??.??"]
[Round "?"]
[White "Velikov, Petar"]
[Black "Pinter, Jozsef"]
[Result "0-1"]
[WhiteElo "2475"]
[BlackElo "2535"]

1.d4 Nf6 2.c4 e6 3.Nc3 Bb4 4.Qc2 O-O 5.Nf3 c5 6.dxc5 Na6 7.Bd2 Nxc5 8.e3 b6
9.Be2 Bb7 10.O-O d6 11.a3 Bxc3 12.Bxc3 Nce4 13.Rad1 Qc7 14.Nd4 Nxc3 15.Qxc3 a6
16.Rc1 Rac8 17.Rfd1 Rfd8 18.Qe1 Nd7 19.Nf3 h6 20.b4 Qb8 21.Qd2 Nf6 22.Qb2 Rd7
23.Nd4 Qa8 24.Bf1 Be4 25.f3 Bb7 26.e4 Qb8 27.Rc2 Rcd8 28.Rcd2 Qa7 29.Kh1 Qb8
30.Kg1 Qc7 31.Re1 Nh7 32.Rc1 Nf8 33.Nb3 Ng6 34.Kh1 Ne5 35.Rd4 Bc6 36.Re1 g5
37.Nc1 b5 38.cxb5 Bxb5 39.Nb3 Qb6 40.Na5 Rc8 41.Qd2 Qc7 42.a4 Bxf1 43.Rxf1 Qc2
44.h3 Qxa4 45.Rxd6 Rc2 46.Qd4 Rxd6 47.Qxd6 Qb5 48.Rg1 Ng6 49.Nb3 e5 50.Qd1 Rb2
51.Nc5 Rxb4 52.Qd8+ Kg7 53.Nd7 Qc6 54.Rd1 Rd4 55.Rxd4 exd4 56.e5 Qe6 57.g4 Qe7
58.Qxe7 Nxe7 59.Kg2 Nc6 60.Nc5 a5 61.f4 gxf4 62.e6 fxe6 63.Nxe6+ Kf6 64.Nxf4 a4
65.Nd3 a3 66.Nc1 Nb4 67.Kf3 d3 68.Nb3 a2 69.Kg3 Kg5 70.h4+ Kg6 71.Kf3 Nc2  0-1

[Event "Sochi"]
[Site "Sochi"]
[Date "1983.??.??"]
[Round "?"]
[White "Gruenberg, Hans Ulrich"]
[Black "Vaisser, Anatoli"]
[Result "1/2-1/2"]
[WhiteElo "2465"]
[BlackElo "2515"]

1.d4 Nf6 2.c4 e6 3.Nc3 Bb4 4.Qc2 O-O 5.a3 Bxc3+ 6.Qxc3 b6 7.Nf3 Bb7 8.b4 a5
9.b5 d6 10.Bb2 Nbd7 11.e3 Qe7 12.Bd3 Rae8 13.O-O e5 14.Nd2 Nh5 15.Qc2 g6
16.Be4 Bxe4 17.Qxe4 exd4  1/2-1/2

[Event "DEN-ch"]
[Site "Tarnby"]
[Date "1983.??.??"]
[Round "3"]
[White "Jakobsen, Ole"]
[Black "Fries Nielsen, Jens Ove"]
[Result "1/2-1/2"]
[WhiteElo "2445"]
[BlackElo "2440"]

1.d4 Nf6 2.c4 e6 3.Nc3 Bb4 4.Qc2 O-O 5.a3 Bxc3+ 6.Qxc3 b6 7.Nf3 Bb7 8.e3 d6
9.b4 Nbd7 10.Bb2 Ne4 11.Qc2 f5 12.Be2 Ng5 13.O-O-O Ne4 14.Rhf1 a5 15.Ne1 axb4
16.axb4 b5 17.c5 Bc6 18.Nd3 Nef6 19.Nf4 Qe7 20.Bf3 Bxf3 21.gxf3 d5 22.Qe2 c6
23.Nd3 Nh5 24.f4 g6 25.Kc2 Ra4 26.Ra1 Rfa8 27.Rxa4 Rxa4 28.Ra1 Rxa1 29.Bxa1 Qd8
30.Bc3 Qa8 31.Kb2 Nhf6 32.f3 Kf7 33.Be1 h6 34.Bh4 Nh7 35.Qf1 g5 36.fxg5 hxg5
37.Bg3 Nhf6 38.h3 Qh8 39.Qg2 Qh7 40.Ne5+ Nxe5 41.Bxe5 Qh4  1/2-1/2

[Event "DEN-ch"]
[Site "Tarnby"]
[Date "1983.??.??"]
[Round "10"]
[White "Jakobsen, Ole"]
[Black "Sloth, Jorn"]
[Result "1/2-1/2"]
[WhiteElo "2445"]
[BlackElo "2380"]

1.c4 e6 2.d4 Nf6 3.Nc3 Bb4 4.Qc2 O-O 5.a3 Bxc3+ 6.Qxc3 b6 7.Nf3 Bb7 8.g3 d6
9.Bg2 Nbd7 10.O-O a5 11.b3 Qe7 12.Bb2 Ne4 13.Qc2 f5 14.Ne1 e5 15.Nd3 exd4
16.Bxd4 Ndc5 17.b4 Ne6 18.Bb2 Ra7 19.f3 Nf6 20.Bh3 Nd7 21.Qd2 Qg5 22.Qxg5 Nxg5
23.Bg2 Ne6 24.Rfc1 axb4 25.axb4 Rxa1 26.Rxa1 Ra8 27.Rxa8+ Bxa8 28.h4 Kf7
29.Kf2 g6 30.e4 fxe4 31.fxe4 Bc6 32.b5 Bb7 33.Ke3 Nec5 34.Nxc5 Nxc5 35.Bf3 Ke6
36.Bg4+ Ke7 37.e5 Be4 38.exd6+ Kxd6 39.Bg7 Bg2 40.Be2 Ne6 41.Bf6 c6 42.bxc6 Bxc6
43.g4 Bg2 44.Bb2 Bc6 45.Bd3 Nc5 46.Bb1 Bd7 47.g5 Be6 48.Bd3  1/2-1/2

[Event "Trnava"]
[Site "Trnava"]
[Date "1983.??.??"]
[Round "?"]
[White "Dobrovolsky, Ladislav"]
[Black "Groszpeter, Attila"]
[Result "0-1"]
[WhiteElo "2385"]
[BlackElo "2505"]

1.d4 Nf6 2.c4 e6 3.Nc3 Bb4 4.Qc2 O-O 5.a3 Bxc3+ 6.Qxc3 b6 7.e3 Ba6 8.b4 d5
9.Nf3 Nbd7 10.Bb2 Rc8 11.Rd1 Qe7 12.b5 Bb7 13.a4 Ne4 14.Qb3 Rfd8 15.cxd5 Bxd5
16.Bc4 c6 17.bxc6 Rxc6 18.Bxd5 exd5 19.O-O Rc4 20.Ba3 Qe6 21.Rd3 Rdc8 22.Bb2 Qc6
23.Ra1 Rc2 24.Rf1 Qc4 25.Ba3 Ra2 26.Qb5 Qxb5 27.axb5 Rcc2 28.Ne1 Re2 29.f3 Nd2
30.Rc3 h6 31.Rc7 Rxa3 32.Rxd7 Ra1  0-1

[Event "ARM-chJ"]
[Site "Yerevan"]
[Date "1983.??.??"]
[Round "10"]
[White "Tavadian, Ragik"]
[Black "Toria, Gocha"]
[Result "1/2-1/2"]
[WhiteElo "2260"]
[BlackElo "2200"]

1.d4 Nf6 2.c4 e6 3.Nc3 Bb4 4.Qc2 O-O 5.a3 Bxc3+ 6.Qxc3 b6 7.Nf3 Bb7 8.e3 d6
9.b4 Nbd7 10.Bb2 Ne4 11.Qc2 f5 12.Bd3 c5 13.O-O Ng5 14.Ne1 cxd4 15.exd4 Nh3+
16.Kh1 Nf4 17.Rd1 Rc8  1/2-1/2

[Event "Troll Masters"]
[Site "Gausdal"]
[Date "1984.??.??"]
[Round "5"]
[White "Hartman, Christer"]
[Black "Hjartarson, Johann"]
[Result "0-1"]
[WhiteElo "2210"]
[BlackElo "2415"]

1.d4 Nf6 2.c4 e6 3.Nc3 Bb4 4.Qc2 O-O 5.a3 Bxc3+ 6.Qxc3 b6 7.Nf3 Bb7 8.e3 d6
9.b4 Nbd7 10.Bb2 Qe7 11.Be2 Ne4 12.Qc2 f5 13.O-O Rae8 14.Ne1 c5 15.dxc5 bxc5
16.f3 Ng5 17.Nd3 e5 18.Nf2 f4 19.e4 Ne6 20.Qd3 Nd4 21.Bc3 Rf6 22.Rfb1 Bc8
23.Be1 g5 24.Bd1 h5 25.h3 Rg6 26.Kf1 Nb6 27.bxc5 dxc5 28.Ba5 Ba6 29.Bxb6 axb6
30.Ba4 Rd8 31.Qc3 g4 32.fxg4 hxg4 33.hxg4 f3 34.gxf3 Rf8 35.Bd1 Qh4 36.a4 Qg3
37.Ra3 Rh6 38.Rc1 Rh2  0-1

[Event "Grindavik"]
[Site "Grindavik"]
[Date "1984.??.??"]
[Round "9"]
[White "Gudmundsson, Elvar"]
[Black "Arnason, Jon L"]
[Result "1/2-1/2"]
[WhiteElo "2330"]
[BlackElo "2500"]

1.d4 Nf6 2.c4 e6 3.Nc3 Bb4 4.Qc2 O-O 5.a3 Bxc3+ 6.Qxc3 b6 7.Nf3 Bb7 8.e3 d6
9.b4 Nbd7 10.Bb2 a5 11.Be2 Ne4 12.Qc2 c5 13.dxc5 bxc5 14.b5 f5 15.O-O e5
16.Rad1 Rf6 17.Nh4 Rf7 18.Nxf5 Rxf5 19.f3 Qg5 20.Bc1 Qg6 21.Bd3 Ndf6 22.fxe4 Rg5
23.Rf5 Rg4 24.Rdf1 Nxe4 25.Rf7 Qxf7 26.Rxf7 Kxf7 27.Be2 Rh4 28.Bf3 Rf8 29.g3 Ke7
30.gxh4 Rxf3 31.Qa4 Nc3 32.Qc2 Ne4 33.Qa4 Nc3 34.Qc2 Ne4 35.Qg2 Nf2 36.Qxg7+ Rf7
37.Qxf7+ Kxf7 38.Kxf2 a4 39.Ke2  1/2-1/2

[Event "Nuoro"]
[Site "Nuoro"]
[Date "1984.??.??"]
[Round "?"]
[White "Arlandi, Ennio"]
[Black "Johansen, Darryl K"]
[Result "1-0"]
[WhiteElo "2315"]
[BlackElo "2475"]

1.d4 Nf6 2.c4 e6 3.Nc3 Bb4 4.Qc2 O-O 5.a3 Bxc3+ 6.Qxc3 b6 7.Nf3 Bb7 8.e3 d6
9.Be2 Nbd7 10.O-O Ne4 11.Qe1 f5 12.b3 Rf7 13.Kh1 Ndf6 14.Ng1 Nd7 15.f3 Nef6
16.Bd3 Qe7 17.Nh3 h6 18.Ra2 Rd8 19.Re2 g5 20.Nf2 Nf8 21.e4 f4 22.e5 dxe5
23.dxe5 N6d7 24.Ng4 Kg7 25.Bc2 h5 26.Nf6 Nxf6 27.exf6+ Qxf6 28.Be4 Bxe4 29.Bb2 e5
30.Rxe4 Ng6 31.Rxe5 Kh6 32.Rd5 Qxb2 33.Rxd8 Qxb3 34.Qe6 Kg7 35.Rd7 Rxd7 36.Qxd7+ Kh6
37.Qxc7 Qxa3 38.h3 Qd3 39.Re1 g4 40.hxg4 hxg4 41.fxg4 Qg3 42.Rd1 Qxg4 43.Qd7 Qe2
44.Rd3 Qe1+ 45.Kh2 Qe5 46.Rd5 Qe4 47.Qg4 Kg7 48.Rd7+ Kh6 49.Rd6 Kg7 50.Qg5 Qe8
51.Qf6+ Kh7 52.Rc6 Qg8 53.Qd6 Qe8 54.Rc7+ Kh6 55.Rxa7 Qe2 56.Ra3 Qxc4 57.Qf6 f3
58.Rxf3 Qh4+ 59.Rh3  1-0

[Event "Nuoro"]
[Site "Nuoro"]
[Date "1984.??.??"]
[Round "?"]
[White "Arlandi, Ennio"]
[Black "Lanzani, Mario"]
[Result "1-0"]
[WhiteElo "2315"]
[BlackElo "2200"]

1.d4 Nf6 2.c4 e6 3.Nc3 Bb4 4.Qc2 O-O 5.a3 Bxc3+ 6.Qxc3 d6 7.Nf3 Qe7 8.e3 Nbd7
9.b4 e5 10.dxe5 dxe5 11.Bb2 Re8 12.Be2 c5 13.O-O e4 14.Nd2 Ne5 15.Nb3 b6
16.Rad1 Bb7 17.bxc5 Nf3+ 18.Kh1 Nh4 19.cxb6 axb6 20.Bg4 Rad8 21.Bh3 Bc8 22.Bxc8 Rxc8
23.Nd4 Qc7 24.Nb5 Qc5 25.Rd5 Qxc4 26.Qxc4 Rxc4 27.Bxf6 gxf6 28.Nd6 Rd8 29.Nxe4 Ra8
30.Nxf6+ Kg7 31.Nh5+ Kf8 32.Rb5 Rxa3 33.Rxb6 Rc2 34.h3 Raa2 35.Rf6 Ke7 36.Rf4 Ng6
37.Re4+ Kf8 38.Kg1 Ne7 39.Nf6 Nf5 40.Nd7+ Kg7 41.Rg4+  1-0

[Event "Nuoro"]
[Site "Nuoro"]
[Date "1984.??.??"]
[Round "?"]
[White "Sanna, Gianlazzaro"]
[Black "Toth, Bela"]
[Result "1/2-1/2"]
[WhiteElo "2315"]
[BlackElo "2395"]

1.d4 Nf6 2.c4 e6 3.Nc3 Bb4 4.Qc2 O-O 5.a3 Bxc3+ 6.Qxc3 b5 7.cxb5 c6 8.e3 cxb5
9.Bxb5 Ne4 10.Qb3 Na6 11.Qa4 Qb6 12.f3 Nf6 13.Ne2 Rb8 14.Bd3 Nc7 15.O-O d5
16.b4 Bd7 17.Qc2 Rfc8 18.Bd2 Bb5 19.Bxb5 Nxb5 20.Qd3 Nd6 21.Rfc1 Nc4 22.Nc3 Qc6
23.b5 Qb7 24.a4 a6 25.bxa6 Qxa6 26.Nb5 Rc6 27.Bb4 Rbc8  1/2-1/2

[Event "Nuoro"]
[Site "Nuoro"]
[Date "1984.??.??"]
[Round "?"]
[White "Toth, Bela"]
[Black "Lanzani, Mario"]
[Result "1/2-1/2"]
[WhiteElo "2395"]
[BlackElo "2200"]

1.d4 Nf6 2.c4 e6 3.Nc3 Bb4 4.Qc2 O-O 5.Nf3 c5 6.dxc5 Na6 7.Bg5 Bxc3+ 8.Qxc3 Ne4
9.Bxd8 Nxc3 10.Bh4 Ne4 11.Nd2 Nxd2 12.Kxd2 Nxc5 13.f3 f6 14.e4 b6 15.Be2 Bb7
16.Rhd1 d5 17.exd5 exd5 18.Ke1 Rfe8 19.Kf2 Ba6 20.Rac1 Rxe2+ 21.Kxe2 Bxc4+
22.Kd2 Bxa2 23.Rc3 Bb3 24.Rdc1 d4  1/2-1/2

[Event "Poznan"]
[Site "Poznan"]
[Date "1984.??.??"]
[Round "2"]
[White "Kaposztas, Miklos"]
[Black "Stempin, Pawel"]
[Result "1/2-1/2"]
[WhiteElo "2330"]
[BlackElo "2415"]

1.d4 Nf6 2.c4 e6 3.Nc3 Bb4 4.Qc2 O-O 5.Nf3 b6 6.g3 Bb7 7.Bg2 c5 8.dxc5 Bxc5
9.O-O Nc6 10.Bg5 Be7 11.Rad1 Rc8 12.Qd2 Na5 13.b3 d5 14.Qb2 Qe8 15.cxd5 Nxd5
16.Nxd5 Bxd5 17.Bxe7 Qxe7 18.Rc1 Qb7 19.Rxc8 Rxc8 20.Rc1 Rxc1+ 21.Qxc1 h6
22.Ne1 Bxg2 23.Nxg2 Qe4 24.Ne3 Qc6  1/2-1/2

[Event "Tunja"]
[Site "Tunja"]
[Date "1984.??.??"]
[Round "5"]
[White "Vera, Reynaldo"]
[Black "Alzate, Dario"]
[Result "1/2-1/2"]
[WhiteElo "2440"]
[BlackElo "2390"]

1.d4 Nf6 2.c4 e6 3.Nc3 Bb4 4.Qc2 O-O 5.a3 Bxc3+ 6.Qxc3 b6 7.Nf3 Bb7 8.e3 d6
9.Be2 Nbd7 10.O-O c5 11.dxc5 Nxc5 12.b4 Nce4 13.Qb3 Qe7 14.Bb2 Rac8 15.Rac1 Rfd8
16.h3 Qe8 17.Rfd1 d5 18.Bxf6 gxf6 19.cxd5 Bxd5 20.Qb2 Rxc1 21.Rxc1 Rc8 22.Nd4 Nd6
23.Bd3 e5 24.Nf5 Nxf5 25.Bxf5 Rxc1+ 26.Qxc1 Qc6 27.Qxc6 Bxc6 28.f4 h6 29.g4 Kg7
30.Kf2 Kf8 31.Ke2 Bb5+ 32.Kf2 Bc6 33.Kg3 Kg7  1/2-1/2

[Event "URS-ch U20"]
[Site "Vilnius"]
[Date "1984.??.??"]
[Round "1"]
[White "Glek, Igor V"]
[Black "Aseev, Konstantin N"]
[Result "1-0"]
[WhiteElo "2395"]
[BlackElo "2390"]

1.d4 Nf6 2.c4 e6 3.Nc3 Bb4 4.Qc2 O-O 5.e4 c5 6.e5 cxd4 7.a3 dxc3 8.axb4 Ng4
9.Qxc3 d6 10.exd6 Qxd6 11.Be2 e5 12.f3 Nh6 13.Be3 Nc6 14.Rd1 Qg6 15.g4 f5
16.h3 a6 17.Bd3 e4 18.Bc2 Nf7 19.Rd5 Ne7 20.Rd2 Nc6 21.gxf5 Bxf5 22.f4 a5
23.bxa5 Rxa5 24.Ne2 Ra1+ 25.Rd1 Rxd1+ 26.Bxd1 Nfd8 27.Rg1 Qf7 28.Ng3 Bxh3
29.Bc5 Ne6 30.Bxf8 Qxf8 31.Nxe4 Qxf4 32.Qf3 Qxf3 33.Bxf3 Ne5 34.Be2 Nd4 35.Rg3  1-0

[Event "URS-ch U20"]
[Site "Vilnius"]
[Date "1984.??.??"]
[Round "3"]
[White "Glek, Igor V"]
[Black "Shneider, Aleksandr"]
[Result "1/2-1/2"]
[WhiteElo "2395"]
[BlackElo "2460"]

1.d4 Nf6 2.c4 e6 3.Nc3 Bb4 4.Qc2 O-O 5.e4 c5 6.e5 cxd4 7.a3 dxc3 8.axb4 Ng4
9.Qxc3 d6 10.exd6 Qxd6 11.Be2 e5 12.b5 Nh6 13.Bxh6 Qxh6 14.Nf3 Bg4 15.O-O Nd7
16.h3 Bh5 17.Rfd1 Nf6 18.g4 e4 19.Nh2 Bg6 20.Qg3 Qg5 21.h4 Qc5 22.h5 Bxh5
23.gxh5 Nxh5 24.Bxh5 Qxh5 25.Rd5 Qe2 26.Qc3 f5 27.Re1 Qh5 28.Re3 Qf7 29.Rg3 g6
30.Qd4 Rfe8 31.Rg5 e3 32.fxe3 Re4 33.Qd3 Rae8 34.Nf1 f4 35.Rdf5 Qxc4 36.Qxc4+ Rxc4
37.Rxf4 Rxf4 38.exf4 Re4 39.Rc5 Rxf4 40.Rc8+ Kg7 41.Rc7+ Rf7 42.Rc3 Rf5 43.Rb3 Kf6
44.Nd2 Rf4 45.Nb1 Ke5 46.Nc3 Rf6 47.Na4 Kd5 48.b6 axb6 49.Nxb6+ Kc6 50.Nc4 Rf5
51.Re3 Kc5 52.Rc3 Kd4 53.Nd6 Rd5 54.Nxb7 Rb5 55.Rc7 Rxb2 56.Rxh7 Ke5  1/2-1/2

[Event "Zuerich op"]
[Site "Zuerich"]
[Date "1984.??.??"]
[Round "8"]
[White "Forintos, Gyozo V"]
[Black "Kindermann, Stefan"]
[Result "0-1"]
[WhiteElo "2425"]
[BlackElo "2490"]

1.d4 Nf6 2.c4 e6 3.Nc3 Bb4 4.Qc2 O-O 5.a3 Bxc3+ 6.Qxc3 b6 7.Bg5 Bb7 8.f3 c5
9.dxc5 bxc5 10.Nh3 d6 11.Rd1 Nc6 12.e3 h6 13.Bxf6 Qxf6 14.Qxf6 gxf6 15.Rxd6 Rfd8
16.Rd2 Ba6 17.Nf2 Rab8 18.Rc2 Rb3 19.Ne4 Rxe3+ 20.Kf2 Rxe4 21.fxe4 Rd1 22.b4 Nd4
23.Rb2 Bb7 24.Rg1 Ra1 25.bxc5 Bc6 26.Bd3 Rxa3 27.Rd1 e5 28.Rdd2 Rc3 29.Rb8+ Kg7
30.Rc8 a5 31.Bb1 Rc1 32.Ba2 Bxe4 33.Rc7 Rc3 34.c6 Bxc6 35.c5 Be8 36.Bd5 a4
37.Rb2 Nb5 38.Re7 a3 39.Rd2 Kf8 40.Rxe8+ Kxe8 41.Bc6+ Ke7 42.Bxb5 Rxc5 43.Bd3 Rd5
44.Ke3 f5 45.Ra2 f4+ 46.Ke2 Ra5 47.Kd2 Kf6 48.h4 Ra4 49.Kc3 Ke6 50.Bc2 Ra7
51.Bd3 f5 52.Bc4+ Kf6 53.Kb4 e4 54.Kc3 Ke5 55.Rd2 f3 56.gxf3 exf3 57.Ra2 Kf4
58.h5 Kg3 59.Kd4 Ra4 60.Kd5 f4 61.Bf1 Kg4 62.Ke5 Ra5+ 63.Ke4 Kg3 64.Bd3 f2
65.Be2 f3 66.Bf1 Ra7 67.Kf5 Re7 68.Rxa3 Re1 69.Bc4 Kg2 70.Ra6 Re2 71.Ra1 f1=Q
72.Rxf1 Kxf1 73.Kg6 Ke1 74.Kxh6 f2 75.Bxe2 Kxe2 76.Kg7 f1=Q 77.h6 Qg2+ 78.Kh8 Qf3
79.Kg7 Qg4+  0-1

[Event "URS-ch sf"]
[Site "Aktjubinsk"]
[Date "1985.??.??"]
[Round "?"]
[White "Seredenko, Vladimir"]
[Black "Jailjan, M."]
[Result "0-1"]
[WhiteElo "2200"]
[BlackElo "2200"]

1.d4 Nf6 2.c4 e6 3.Nc3 Bb4 4.Qc2 O-O 5.Nf3 b6 6.a3 Bxc3+ 7.Qxc3 Bb7 8.e3 d6
9.b4 Nbd7 10.Bb2 Ne4 11.Qc2 f5 12.d5 exd5 13.cxd5 Bxd5 14.Bc4 Bxc4 15.Qxc4+ Kh8
16.O-O Ndf6 17.b5 Qd7 18.Rfd1 a6 19.a4 Nc5 20.Nd4 Ng4 21.Nc2 Qe6 22.Qxe6 Nxe6
23.f3 Nf6 24.Nb4 axb5 25.axb5 Nd7 26.Bd4 Kg8 27.Kf2 Kf7 28.h4 Rfc8 29.Nd5 Ke8
30.h5 Kf7 31.Rg1 Ndc5 32.Bxc5 bxc5 33.b6 cxb6 34.Nxb6 Rxa1 35.Rxa1 Rc7 36.Nd5 Rd7
37.Ke2 Nd8 38.Ra6 Ke6 39.Nf4+ Kf6 40.Kd3 Ne6 41.Nd5+ Kg5 42.Nb6 Rd8 43.Nc4 Kxh5
44.Rxd6 Kh4 45.Ke2 Rxd6 46.Nxd6 Kg3 47.Nxf5+ Kxg2 48.f4 h5 49.Nh4+ Kg3 50.Nf5+ Kg2
51.Nh4+ Kg3 52.Nf5+ Kg4 53.Nd6 h4 54.Ne4 c4 55.Kf2 h3 56.Kg1 Nc7 57.Kh2 Nd5  0-1

[Event "Albena"]
[Site "Albena"]
[Date "1985.??.??"]
[Round "?"]
[White "Kouatly, Bachar"]
[Black "Vilela, Jose Luis"]
[Result "1/2-1/2"]
[WhiteElo "2455"]
[BlackElo "2430"]

1.d4 Nf6 2.c4 e6 3.Nc3 Bb4 4.Qc2 O-O 5.Nf3 d6 6.Bd2 Nbd7 7.a3 Bxc3 8.Bxc3 Qe7
9.e3 b6 10.Be2 Bb7 11.b4 c5 12.dxc5 dxc5 13.b5 Rfd8 14.Qb2 Qf8 15.Nd2 Ne8
16.O-O f6 17.a4 Qf7 18.Qc2 Qg6 19.Qxg6 hxg6 20.a5 Rab8 21.f3 Kf7 22.h4 Nd6
23.Kf2 Rh8 24.Rh1 Nf5 25.g3 Rbd8 26.axb6 axb6 27.Ra7 Nd6 28.Rd1 Ra8 29.Rda1 Rxa7
30.Rxa7 Ra8 31.Rxa8 Bxa8 32.g4  1/2-1/2

[Event "OHRA-B"]
[Site "Amsterdam"]
[Date "1985.??.??"]
[Round "8"]
[White "Haik, Aldo"]
[Black "Farago, Ivan"]
[Result "0-1"]
[WhiteElo "2440"]
[BlackElo "2510"]

1.d4 Nf6 2.c4 e6 3.Nc3 Bb4 4.Qc2 O-O 5.Nf3 c5 6.dxc5 Na6 7.Bd2 Nxc5 8.a3 Bxc3
9.Bxc3 d6 10.Nd2 Bd7 11.e3 e5 12.Be2 Bc6 13.O-O Nfe4 14.b4 Nxd2 15.Bxd2 Qg5
16.f3 Ba4 17.Qa2 Ne6 18.Bd3 Bc6 19.Qc2 f5 20.c5 dxc5 21.Bc4 Rae8 22.b5 Bd7
23.Qd3 Bc8 24.Bc3 Kh8 25.Bxe5 f4 26.Qe4 Qh6 27.exf4 Nxf4 28.Rae1 Ng6 29.Qd5 Be6
30.Qxe6 Rxe6 31.Bxe6 Nxe5 32.Rxe5 Re8 33.Rd1 Qf6 34.Re4 g6 35.Rde1 Qc3 36.a4 b6
37.R1e3 Qd2 38.h4 c4 39.Re2 Qd1+ 40.Re1 Qd2 41.R1e2 Qd1+ 42.Re1 Qxa4 43.Bxc4 Rxe4
44.Rxe4 a5 45.bxa6 b5 46.Re8+ Kg7 47.Re7+ Kf6 48.Re6+ Kf7 49.Bd5 Qd4+ 50.Re3+ Qxd5
51.a7 Qa2  0-1

[Event "Badenweiler op"]
[Site "Badenweiler"]
[Date "1985.??.??"]
[Round "6"]
[White "Nautsch, Werner"]
[Black "Farago, Ivan"]
[Result "1/2-1/2"]
[WhiteElo "2300"]
[BlackElo "2495"]

1.d4 Nf6 2.c4 e6 3.Nc3 Bb4 4.Qc2 O-O 5.Nf3 c5 6.a3 Bxc3+ 7.bxc3 Qa5 8.Bd2 d6
9.e4 e5 10.Bd3 Qc7 11.O-O cxd4 12.cxd4 Bg4 13.Be3 Bxf3 14.gxf3 Nh5 15.d5 Nd7
16.Rfc1 Nc5 17.Bf1 Qe7 18.Kh1 Qf6 19.Bg2 Rac8 20.Rg1 Nf4 21.Bf1 Qh6 22.Rb1 b6
23.Rg3 f5 24.Bh3 Rc7 25.Bxf5 Qf6 26.Rbg1 Rcf7 27.Qd2 Kh8 28.Bxf4 exf4 29.Rh3 g5
30.Rh5 Rg8 31.h4 gxh4 32.Rxg8+ Kxg8 33.Qxf4 Kf8 34.Qxh4 Qxh4+ 35.Rxh4 Nd3
36.Rh6 Ke7 37.Bh3 Nxf2+ 38.Kg2 Nd3 39.Re6+ Kd7 40.Rf6+ Ke7 41.Re6+ Kd7  1/2-1/2

[Event "Balatonbereny op"]
[Site "Balatonbereny"]
[Date "1985.??.??"]
[Round "1"]
[White "Csala, Imre"]
[Black "Cserna, Laszlo"]
[Result "1/2-1/2"]
[WhiteElo "2325"]
[BlackElo "2400"]

1.d4 Nf6 2.c4 e6 3.Nc3 Bb4 4.Qc2 O-O 5.a3 Bxc3+ 6.Qxc3 b6 7.Bg5 d6 8.f3 Nbd7
9.Nh3 h6 10.Bh4 c5 11.dxc5 dxc5 12.Bg3 Qe7 13.e4 e5 14.O-O-O Re8 15.Bd3 Nb8
16.f4 Nc6 17.f5 Nd4 18.Rde1 a6 19.Bh4 b5 20.Bc2 b4 21.Qg3 Bd7 22.Nf2 Bc6
23.Ng4 Kf8 24.Bxf6 gxf6 25.Nxh6 Qd6 26.Qg8+ Ke7 27.Qxf7+ Kd8 28.Re3 bxa3
29.bxa3 Re7 30.Rd1 Kc7 31.Qg6 Be8 32.Qg3 Qb6 33.Ng8 Rh7 34.Rxd4 cxd4 35.Rb3 Qd6
36.c5 Qf8 37.Rb6 Qxc5 38.Rb2 Qf8 39.Bb3 Kd8 40.Be6 Bf7 41.Qb3 Bxe6 42.Qxe6 Rc8+
43.Kb1 Rf7 44.Qd5+ Rd7 45.Qa5+ Rdc7 46.Qd5+ Rd7  1/2-1/2

[Event "Balatonbereny op"]
[Site "Balatonbereny"]
[Date "1985.??.??"]
[Round "4"]
[White "Pacsay, Laszlo"]
[Black "Sax, Gyula"]
[Result "1/2-1/2"]
[WhiteElo "2285"]
[BlackElo "2535"]

1.d4 Nf6 2.c4 e6 3.Nc3 Bb4 4.Qc2 O-O 5.Nf3 d6 6.Bg5 Nbd7 7.a3 Bxc3+ 8.Qxc3 h6
9.Bxf6 Nxf6 10.e3 b6 11.Bd3 Bb7 12.Qc2 c5 13.e4 cxd4 14.Nxd4 Rc8 15.Qe2 Qc7
16.O-O Rfe8 17.Rac1 a6 18.Rc2 Qc5 19.Nb3 Qc7 20.Nd4 Qb8 21.Re1 Nd7 22.Qg4 Ne5
23.Qg3 Qa7 24.Ne2 Ba8 25.Nf4 Qe7 26.Rcc1 Rc7 27.b3 Rb8 28.Bf1 Qg5 29.Rcd1 Rd8
30.Nd3 Ng6 31.Nb4 Qxg3 32.hxg3 a5 33.Na2 Bc6 34.Nc3 Rcc8 35.Rd2 Kf8 36.Red1 Ke7
37.Be2 Ne5 38.f4 Nd7 39.Rxd6 Nc5 40.Rxd8 Rxd8 41.Rxd8 Kxd8 42.b4 axb4 43.axb4 Nxe4
44.Nxe4 Bxe4 45.Kf2  1/2-1/2

[Event "Midwest Masters"]
[Site "Chicago"]
[Date "1985.??.??"]
[Round "4"]
[White "Bass, Leonid"]
[Black "Quigley, Lawrence"]
[Result "1-0"]
[WhiteElo "2430"]
[BlackElo "2215"]

1.d4 Nf6 2.c4 e6 3.Nc3 Bb4 4.Qc2 O-O 5.Nf3 c5 6.dxc5 Na6 7.g3 Nxc5 8.Bg2 Nce4
9.Bd2 Nxd2 10.Nxd2 Qa5 11.Ncb1 d5 12.O-O Bd7 13.a3 Be7 14.Nc3 Rac8 15.cxd5 Nxd5
16.Bxd5 exd5 17.Qd3 Be6 18.Rac1 d4 19.Nb5 Rcd8 20.Nf3 Bf6 21.Rfd1 Rd5 22.Nc7 Rd7
23.Nxe6 fxe6 24.b4 Qh5 25.Rc5 e5 26.Qe4 Qf7 27.Rdc1 d3 28.exd3 Be7 29.Rc8 Bd8
30.Kg2 Qa2 31.R1c2 Qe6 32.Nxe5 Rd5 33.R8c5 Rxc5 34.bxc5 Qb3 35.Rc4 g6 36.Nxg6 hxg6
37.Qxg6+ Kh8 38.Qh6+ Kg8 39.Qe6+ Rf7 40.Rg4+  1-0

[Event "Montpellier zt"]
[Site "Montpellier"]
[Date "1985.??.??"]
[Round "?"]
[White "Haik, Aldo"]
[Black "Langeweg, Kick"]
[Result "0-1"]
[WhiteElo "2455"]
[BlackElo "2390"]

1.d4 Nf6 2.c4 e6 3.Nc3 Bb4 4.Qc2 O-O 5.Nf3 c5 6.dxc5 Na6 7.Bd2 Nxc5 8.a3 Bxc3
9.Bxc3 Nce4 10.Bxf6 Nxf6 11.e4 d6 12.Bd3 e5 13.O-O Be6 14.Nd2 Rc8 15.Rfe1 b5
16.b4 Qb6 17.Rac1 Rc6 18.c5 dxc5 19.bxc5 Qa5 20.Qb2 a6 21.Nf3 Nd7 22.Nxe5 Nxe5
23.Qxe5 Qxa3 24.Qd4 Rfc8 25.Rc3 Qa5 26.Rcc1 Rxc5 27.Ra1 Qc7 28.e5 a5 29.h3 g6
30.Qf4 Rd8 31.Bf1 Rdd5 32.Rab1 b4 33.Rbd1 Rxd1 34.Rxd1 Qxe5 35.Rd8+ Kg7 36.Qd2 Rd5
37.Rxd5 Qxd5 38.Qb2+ Kg8 39.Qa1 b3 40.h4 Qc5  0-1

[Event "Oslo"]
[Site "Oslo"]
[Date "1985.??.??"]
[Round "?"]
[White "Agdestein, Espen"]
[Black "Liabotro, Pal Ole"]
[Result "1-0"]
[WhiteElo "2305"]
[BlackElo "2200"]

1.d4 Nf6 2.c4 e6 3.Nc3 Bb4 4.Qc2 O-O 5.Nf3 b6 6.e4 Bb7 7.Bd3 d5 8.cxd5 exd5
9.e5 Ne4 10.O-O Bxc3 11.bxc3 c5 12.Nd2 f5 13.f3 Nxd2 14.Bxd2 Qd7 15.g4 g6
16.Bh6 c4 17.Be2 Nc6 18.Bxf8 Rxf8 19.gxf5 Rxf5 20.f4 Rf8 21.f5 Rxf5 22.Rxf5 Qxf5
23.Qd2 Bc8 24.Rf1 Qh3 25.Bf3 Ne7 26.Qf4 Bf5 27.e6 h5 28.Qg5  1-0